| 000 | 00419nam a2200145 a 4500 | ||
|---|---|---|---|
| 001 | 000031319 | ||
| 005 | 20200930062840.0 | ||
| 008 | 110620s1948 dr 000 0 spa d | ||
| 040 |
_aDO-SdBNP _bspa _cBNPHU |
||
| 100 | 1 |
_aPadilla B., Juan E. _949533 |
|
| 245 | 1 | 0 |
_aPerennidad / _cJuan E. Padilla B. |
| 260 |
_aCiudad Trujillo, República Dominicana : _bImpreso ABC, _c1948. |
||
| 300 |
_a37 p. ; _c17 cm. |
||
| 049 | _aBNPD | ||
| 999 |
_c30811 _d30811 |
||